| 000 | 00925pam a2200301 a 4500 | ||
|---|---|---|---|
| 001 | 2792 | ||
| 005 | 20250702090106.0 | ||
| 020 | _a0836819756 (lib. bdg.) | ||
| 020 | _a078073003501 | ||
| 040 |
_aDLC _cDLC _dDLC _beng |
||
| 050 | 0 | 0 |
_aPZ7.S86037 _bMo 1997 |
| 082 | 0 | 0 |
_a813.54 _221 |
| 100 | 1 | _aStine, R. L. | |
| 245 | 1 | 0 |
_aMonster blood / _cR.L. Stine |
| 250 | _aFirst Scholastic printing, September 1992 | ||
| 260 |
_aNew York : _bScholastic, _c1997 |
||
| 300 |
_a128 pages : _c20 cm |
||
| 490 | 1 | _aGoosebumps | |
| 505 | _aM | ||
| 520 | _aIn an old toy store near his great-aunt's home, twelve-year-old Evan buys a dusty can of Monster Blood he thinks will be fun to play with. | ||
| 521 |
_a640 _bLexile |
||
| 521 |
_aM _bRaz-Plus |
||
| 650 | 1 |
_aMonsters _xFiction. |
|
| 650 | 1 |
_aGreat-aunts _xFiction. |
|
| 650 | 1 | _aHorror stories. | |
| 906 |
_a7 _bcbc _corignew _d1 _eocip _f19 _gy-gencatlg |
||
| 942 |
_2ddc _cBK _n0 |
||
| 999 |
_c2792 _d2792 |
||